History Quiz: Pirates - Statistics

General Stats
  • This quiz has been taken 67 times
    59 since last reset
  • The average score is 7 of 15
Answer Stats
Question Answer % Correct
Which privateer was the first British navigator to circumnavigate the globe? Sir Francis Drake
76%
Which of these leagues had to contend with pirates? Hanseatic
65%
Hayreddin Barbarossa, formerly a corsair, became the Kapudan Pasha or Grand Admiral under which Ottoman sultan? Suleiman the Magnificent
65%
Which ruler of Pharos plundered cities in the Cyclades and Peloponnese during the Illyrian Wars? Demetrius
53%
Which of these ships is fictional? Hispaniola
53%
Which of these singers had a name similar to a real pirate (only one letter different)? James Brown
53%
Which of these did not appear on either of Black Bart's flags? A chest
47%
Which pirates' intact body was not gibbeted after death? Blackbeard
47%
Who was born after 1600? François l'Olonnais
47%
Which of these women was a pirate? Ching Shih
41%
Pirates from which modern country raided the coastlines of China and Korea between the 4th and 16th centuries? Japan
35%
Which part of the world did the pirate Chen Zuyi terrorise? Southeast Asia
35%
Which British monarch did Grace O'Malley meet? Elizabeth I
29%
Where did the Barbary pirates not take slaves from? Madagascar
24%
Which of these was a real sailing route? Pirate Round
6%
No matching quizzes found
Score Distribution
Percent of People with Each Score
Percentile by Number Answered
Your Score History
You have not taken this quiz since the last reset